Statistics for Gym leaders/Elite 4/Champion's Pokemon in Radical Red Hardcore mode

Click here to take the quiz!

General Stats

  • This quiz has been taken 86 times
  • The average score is 14 of 167

Answer Stats

TrainerAnswer% Correct
MistyStarmie
46%
BrockArchen
40%
Lance | Lorelei (Rain)Dragonite
32%
BrockLileep
25%
BlaineVenusaur
25%
BrockHippopotas
24%
MistyPolitoed
24%
BrockCacnea
22%
Misty (Rematch)Greninja
22%
BrockSandshrew
21%
Lorelei (Rain) | MistyLudicolo
19%
BugzyScizor
19%
Lt. Surge | Lt. Surge (Rematch)Electivire
17%
Lorelei (Rain) | Misty (Rematch)Kingdra
17%
BrockLunatone
16%
Brock (Rematch)Terrakion
16%
ErikaCradily
14%
Bruno (Team 1) | Bruno (Team 2)Zacian
14%
BugzyHeracross
13%
Bruno (Team 1)Infernape
13%
Erika | Erika (Rematch)Kartana
13%
Erika (Rematch)Serperior
13%
KogaTapu Lele
13%
FalknerEmolga
11%
ClairEternatus
11%
MistyFerroseed
11%
Lorelei (Hail)Glaceon
11%
Bruno (Team 2) | Erika | Erika (Rematch)Hawlucha
11%
Brock (Rematch)Landorus
11%
Lt. Surge | Lt. Surge (Rematch)Manectric-Mega
11%
Brock (Rematch)Sandslash
11%
BugzyScyther
11%
JasmineTapu Bulu
11%
Lorelei (Hail) | SabrinaTapu Fini
11%
MistyToxicroak
11%
Lt. Surge (Rematch)Zekrom
11%
ChuckBlaziken
10%
PryceClefable
10%
MortyDusknoir
10%
MortyGengar-Mega
10%
Lt. SurgeHitmonlee
10%
Gary (if he has Charmander)Ho-Oh
10%
Agatha | Koga | MortyKrookodile
10%
Jasmine | Lt. Surge (Rematch)Magnezone
10%
MortyMismagius
10%
Lorelei (Rain)Palkia
10%
LancePrimal-Dialga
10%
Blaine | Gary (if he has Charmander)Primal-Groudon
10%
BlaineTyphlosion
10%
PryceCloyster
8%
Brock (Rematch)Empoleon
8%
Jasmine | Lorelei (Rain)Genesect
8%
SabrinaGlastrier
8%
Chuck | JasmineGliscor
8%
Misty (Rematch)Jirachi
8%
Clair | Erika (Rematch) | SabrinaMagearna
8%
Gary (if he has Bulbisaur) | Gary (if he has Squirtle)Primal-Kyogre
8%
Lt. Surge | Lt. Surge (Rematch)Raichu-Alola
8%
Lt. Surge (Rematch)Raikou
8%
FalknerRufflet
8%
Misty (Rematch)Seismitoad
8%
PryceSuicune
8%
WhitneyTogekiss
8%
Bruno (Team 1) | Bruno (Team 2) | ChuckZamazenta
8%
BugzyAraquanid
6%
ChuckCobalion
6%
MortyDelphox
6%
Misty (Rematch)Gyarados-Mega
6%
SabrinaJellicent
6%
PryceKyurem-Black
6%
Koga | Lorelei (Hail)Kyurem-White
6%
MistyMantine
6%
Lance | SabrinaMelmetal
6%
KogaNidoking
6%
AgathaVictini
6%
AgathaYveltal
6%
Brock (Rematch)Aerodactyl-Mega
5%
JasmineAggron-Mega
5%
Lorelei (Hail)Beartic
5%
BlaineCharizard-Mega X
5%
Lt. SurgeDedenne
5%
ClairGiratina (Origin)
5%
BlaineHeliolisk
5%
WhitneyIndeedee
5%
Bruno (Team 1) | Clair | JasmineNecrozma Dusk-Mane
5%
Bruno (Team 2)Necrozma Dusk Mane
5%
WhitneyPyroar
5%
LanceRayquaza-Mega
5%
ClairShuckle
5%
KogaSirfetch'd
5%
Erika (Rematch)Tsareena
5%
ErikaVenusaur-Mega
5%
BugzyVikavolt
5%
MortyWeavile
5%
Gary (if he has Bulbisaur) | Gary (if he has Charmander)Xerneas
5%
AgathaZarude
5%
Lorelei (Hail)Abomasnow-Mega
3%
WhitneyAltaria-Mega
3%
LanceArceus-Fairy
3%
Gary (if he has Charmander)Arceus-Ground
3%
PryceArctozolt
3%
AgathaCalyrex-Shadow
3%
SabrinaCamerupt-Mega
3%
LanceDeoxys-Speed
3%
WhitneyDiggersby
3%
ClairDuraludon-Mega
3%
PryceGlalie-Mega
3%
ChuckKommo-o
3%
Lorelei (Hail)Landorus-Therian
3%
WhitneyLuvdisc
3%
Gary (if he has Bulbisaur) | Gary (if he has Squirtle)Necrozma Dawn-Wings
3%
ErikaReuniclus
3%
Misty (Rematch)Thundurus-Therian
3%
KogaToxtricity-Mega
3%
Bruno (Team 1)Zeraora
3%
Brock (Rematch)Zygarde-Complete
3%
Erika (Rematch)Ampharos Mega
2%
BugzyAnorith
2%
Gary (if he has Squirtle)Arceus-Normal
2%
Gary (if he has Bulbisaur)Arceus-Steel
2%
FalknerFarfetch'd Galar
2%
ChuckGallade-Mega
2%
Gary (if he has Charmander)Houndoom-Mega
2%
Bruno (Team 1)Lucario-Mega
2%
Bruno (Team 2)Medicham-Mega
2%
Gary (if he has Squirtle)Metagross-Mega
2%
AgathaMewtwo Mega X
2%
Gary (if he has Bulbisaur) | Gary (if he has Charmander) | Gary (if he has Squirtle)Primal-Eternatus
2%
ErikaRotom-Mow
2%
Lt. SurgeRotom-Wash
2%
Gary (if he has Bulbisaur) | Gary (if he has Squirtle) | Lorelei (Rain)Swampert-Mega
2%
Bruno (Team 2)Urshifu Single Strike
2%
FalknerYanma
2%
BlaineSilvally-Ground
0%
FalknerTruimbeak
0%

Score Distribution

Percentile by Number Answered

Percent of People with Each Score

Your Score History

You have not taken this quiz